|
|
|
|
| LEADER |
00000cam a2200000 a 4500 |
| 001 |
vtls001485170 |
| 003 |
SK-MaSNL |
| 005 |
20260426001936.0 |
| 008 |
240226s2004 xo grlf 000 0 slo |
| 015 |
|
|
|a SNBI2005/01-00137
|
| 020 |
|
|
|q (brožované)
|
| 035 |
|
|
|a SNK000440464
|
| 035 |
|
|
|a urn:nbn:sk:snk-am3j3gy
|
| 035 |
|
|
|a FD13F806-6A73-4B46-BAD4-3D30EC767CDE
|
| 035 |
|
|
|a urn:nbn:sk:snk-am00gh5l
|
| 040 |
|
|
|a SNK
|b slo
|c SNK
|e AACR2
|
| 041 |
0 |
|
|a slo
|
| 043 |
|
|
|a e-xo---
|
| 044 |
|
|
|a xo
|c SK
|
| 072 |
|
7 |
|a 364
|x Sociálne problémy vyžadujúce podporu a pomoc. Sociálne zabezpečenie
|2 konspekt
|
| 072 |
|
7 |
|a 364.3
|x Sociálne poistenie. Zdravotné poistenie. Dôchodky
|2 konspekt
|
| 080 |
|
|
|a 364.35/.37+364.32:340.133
|x (437.6)
|x (094.5)
|2 1997
|
| 080 |
|
|
|a 364.3
|2 2011
|
| 080 |
|
|
|a 364.32
|2 2011
|
| 080 |
|
|
|a 364
|2 2011
|
| 080 |
|
|
|a 002.1-021.632
|2 2001
|
| 080 |
|
|
|a (437.6)
|2 2011
|
| 080 |
|
|
|a (094.5)
|2 2011
|
| 080 |
|
|
|a (035)
|2 2011
|
| 110 |
1 |
|
|a Slovensko
|4 aut
|9 266955
|
| 245 |
1 |
0 |
|a Zákony 2004
|b úplné znenie : aktualizácia [k zákonom III/2004]
|n [Zošit 5]
|p Zákon o sociálnom poistení
|p Zákon o zdravotnom poistení, financovaní zdravotného poistenia, o zriadení Všeobecnej zdravotnej poisťovne
|p Nariadenie vlády SR o zvýšení sumy zaopatrovacieho príspevku
|p Nariadenie vlády SR o zvýšení sumy príspevkov pestúnskej starostlivosti
|p Nariadenie vlády SR o zvýšení sumy príspevku na pohreb
|p Nariadenie vlády SR o zvýšení sumy príspevku pri narodení dieťaťa a o zvýšení súm príspevku rodičom, ktorým sa súčasne narodili tri deti alebo viac detí
|p Nariadenie vlády SR o úprave sumy prídavku na dieťa
|p Nariadenie vlády SR, ktorým sa upravujú sumy dávky v hmotnej núdzi a príspevku na bývanie
|p Nariadenie vlády SR, ktorým sa ustanovuje výška minimálnej mzdy
|
| 246 |
3 |
0 |
|a Zákon o sociálnom poistení
|
| 246 |
3 |
0 |
|a Zákon o zdravotnom poistení, financovaní zdravotného poistenia, o zriadení Všeobecnej zdravotnej poisťovne
|
| 246 |
3 |
0 |
|a Nariadenie vlády SR o zvýšení sumy príspevkov pestúnskej starostlivosti
|
| 246 |
3 |
0 |
|a Nariadenie vlády SR o zvýšení sumy príspevku na pohreb
|
| 246 |
3 |
0 |
|a Nariadenie vlády SR o zvýšení sumy zaopatrovacieho príspevku
|
| 246 |
3 |
0 |
|a Nariadenie vlády SR o zvýšení sumy príspevku pri narodení dieťaťa a o zvýšení súm príspevku rodičom, ktorým sa súčasne narodili tri deti alebo viac detí
|
| 246 |
3 |
0 |
|a Nariadenie vlády SR o úprave sumy prídavku na dieťa
|
| 246 |
3 |
0 |
|a Nariadenie vlády SR, ktorým sa upravujú sumy dávky v hmotnej núdzi a príspevku na bývanie
|
| 246 |
3 |
0 |
|a Nariadenie vlády SR, ktorým sa ustanovuje výška minimálnej mzdy
|
| 250 |
|
|
|a 1. vyd.
|
| 260 |
|
|
|a Žilina
|b Poradca
|c 2004
|
| 300 |
|
|
|a 152 strán
|c 21 cm
|
| 500 |
|
|
|a Názov z obalu
|
| 648 |
|
7 |
|a 2004
|2 SNKPH
|9 303492
|
| 650 |
0 |
7 |
|a sociálne poistenie
|2 SNKPH
|9 29221
|
| 650 |
0 |
7 |
|a zdravotné poistenie
|2 SNKPH
|9 28257
|
| 650 |
0 |
7 |
|a sociálne zabezpečenie
|2 SNKPH
|9 3720
|
| 650 |
0 |
7 |
|a dodatky, doplnky, aktualizácie
|2 SNKPH
|9 31050
|
| 651 |
|
7 |
|a Slovensko
|2 SNKPHgeo
|9 14231
|
| 655 |
|
7 |
|a zákony
|2 SNKPH
|9 70186
|
| 655 |
|
7 |
|a nariadenia
|2 SNKPH
|9 70672
|
| 655 |
|
7 |
|a príručky
|2 SNKPH
|9 74364
|
| 958 |
|
|
|a TL
|
| 958 |
|
|
|a OND
|
| 999 |
|
|
|c 904644
|d 906574
|
| 952 |
|
|
|t P60, <03>, [BOOK], {603}, -K-
|a SNK
|b SNK
|y PREZ
|7 0
|p 17A0450470
|o snkSC 117864
|i snkKSP 14241/2004
|0 0
|1 0
|4 0
|d 2004-11-09
|f 1
|l 0
|r 2025-10-07 00:00:00
|w 2026-02-24
|
| 952 |
|
|
|t P60, <04>, [BOOK], {604}, -W-
|a SNK
|b SNK
|y VYP
|7 0
|p 17A0450469
|o snkSC 117864 D1
|i snkKSP 14242/2004
|0 0
|1 0
|4 0
|d 2004-11-09
|l 0
|r 2005-01-02 00:00:00
|w 2026-02-24
|
| 952 |
|
|
|t P66, <07>, [BOOK], {667}
|a SNK
|b SNK
|y VYP
|7 0
|p 17A0450471
|o snkSC 117864 D2
|i snkKSP 14243/2004
|0 0
|1 0
|4 0
|d 2004-11-09
|l 0
|r 2005-01-02 00:00:00
|w 2026-02-24
|